• 首页
  • 本馆介绍
  • 公告通知
  • 最新文献
  • 馆藏检索
  • 电子资源
  • 读者导购
  • 参考咨询
  • 我的图书馆
  • 登录
  • 详细信息显示
  • 放入我的书架
  • 预约/预借图书
  • 作者相关作品
  • 分类相关作品
  • 丛书相关作品
  • 出版社相关作品

书目信息

  • 表格格式
  • 工作单格式
  • 卡片格式
题名:
小合唱歌曲选
    
 
作者: ;人民音乐出版社编辑部 编
分册: 第二集  
出版信息: 北京   人民音乐出版社  1980
页数: 77页
开本: 19cm
丛书名:
单 册:
中图分类: J642.53
科图分类:
主题词: 合唱-歌曲--中国--选集 , 歌曲-合唱--中国--选集
电子资源:
ISBN:
000 00700nam0 2200241 45
001 0180000592
005 20060731175246.71
010    @dCNY0.26
091    @a8026.4062
100    @a19950704f1980 em y0chiy0121 ea
101 0  @achi
102    @aCN@b110000
105    @ag z 000yy
200 10 @a小合唱歌曲选@Axiao he chang ge qu xuan@h第二集@f人民音乐出版社编辑部编
210    @a北京@c人民音乐出版社@d1980
215    @a77页@d19cm
606    @a合唱-歌曲@y中国@x选集
606    @a歌曲-合唱@y中国@x选集
690    @aJ642.53@v3
711 02 @a人民音乐出版社编辑部@Aren min yin yue chu ban she bian ji bu@4编
801  0 @aCN@bTSSF@c20060731
801  2 @aCN@bNLC@c20060719
905    @dJ642.53@e170:2
    
    小合唱歌曲选.第二集/人民音乐出版社编辑部编.-北京:人民音乐出版社,1980
    77页;19cm
    
    
    ISBN :CNY0.26
    
●
相关链接 在E读中查询图书 在五车中查询图书 在当当中查询图书 在豆瓣中查询图书


正题名:小合唱歌曲选     索取号:J642.53/170:2         预约/预借

序号 登录号 条形码 馆藏地/架位号 状态 备注
1 0443999   204439991   密集书库/ [索取号:J642.53/170:2] 在馆    
2 0444000   204440006   密集书库/ [索取号:J642.53/170:2] 在馆    
3 0466963   204669634   密集书库/ [索取号:J642.53/170:2] 在馆    
唐山师范学院图书馆 欢迎您!
大连网信软件有限公司© 版权所有